| 000 | 01449cam a22002891i 4500 | ||
|---|---|---|---|
| 003 | SA_RiAUC | ||
| 005 | 20250208085830.0 | ||
| 008 | 250207s2014____ua g 000 0 ara c | ||
| 040 |
_aSA-RiIMS _bara _cSA-RiAUC _erda |
||
| 082 | 0 | 4 |
_a237.2 _qSA-RiAUC |
| 090 |
_a237.2 _bح ا ر |
||
| 100 | 0 |
_aالحارث بن محمد بن أبي أسامة داهر، _d186-282 هجري _eمؤلف. |
|
| 245 | 1 | 0 |
_aمسند المشايخ عن رسول الله صلى الله عليه وسلم / _cتأليف أبي محمد الحارث بن محمد بن أبي أسامة ؛ حققه وخرج أحاديثه إيهاب بن إسماعيل بن محمد، محمود بن إسماعيل بن محمد. |
| 250 | _aالطبعة الأولى. | ||
| 264 | 1 |
_aالشرقية، مصر : _bمكتبة العلوم والحكم، _c2014 |
|
| 300 |
_a319صفحة ؛ _c24 سم. |
||
| 336 |
_aنص _btxt _2rdacontent _3كتاب |
||
| 337 |
_aبدون وسيط _bn _2rdamedia |
||
| 338 |
_aمجلد _bnc _2rdacarrier |
||
| 490 | 0 |
_aسلسلة كتب النوادر الحديثة ؛ _v2 |
|
| 650 | 7 |
_aالحديث _xمسند الحارث _2aucsh |
|
| 650 | 7 |
_aالحديث _xالجوامع (عدا ما ذكر في الكتب الستة) _2aucsh |
|
| 700 | 1 |
_aابن محمد، إيهاب بن إسماعيل _eمحقق. |
|
| 700 | 1 |
_aابن محمد، محمود بن إسماعيل _eمحقق. |
|
| 942 |
_2ddc _cBOOK _n0 |
||
| 949 |
_aSA-JeALM _d250207 _umohamedma123 _n1 |
||
| 999 |
_c5745 _d5745 |
||